000 00645nam a2200253Ia 4500
001 Z_56
003 CHAP
005 20220920211144.0
008 220113s1969 xx 000 0 und d
010 _a163022
040 _cCHAP
082 _a636.082 P5
100 _aPirchner, Franz
_988500
245 _aPopulation genetics in animal breeding /
_cby Franz Pirchner
260 _aNew York :
_bFreeman,
_c1969
300 _a273 p.
650 _aAnimales domésticos
_xMejoramiento
_95909
650 _aEcologĂ­a animal
_935170
901 _a636.082 P5
902 _aA
910 _a1969
942 _cLIBRO
_2ddc
942 _cLIBRO
_2ddc
999 _c163022
_d163022